000 01190nam a2200253Ia 4500
003 OSt
005 20220923220258.0
006 a|||||r|||| 00| 0
007 ta
008 220922b |||||||| |||| 00| 0 hin d
024 _a185,651
037 _cTextual
040 _aARTS
_cARTS
_bhin
041 _2hin
_ahin
082 _aY1:1.2, 152K4
100 _aसाने गुरूजी, पांडुरंग सदाशिव; जोशी, बाबूराम, अनु.
_9164081
245 0 _aभारतीय संस्कृति
_b प्राचीन स्वरूप की नवीन एवं लोकोपयोगी व्याख्या
246 _aBhāratīya sanskṛuti: prāchīn svarūp kī navīn evan lokopayogī vyākhyā
260 _aनई दिल्ली
_b सस्ता साहित्य मंडल
_c1964
300 _a312पृ.
_ccm.
490 _aसत्साहित्य प्रकाशन; 15
942 _hY1:1.2, 152K4
_cTEXL
_2CC
999 _c338897
_d338897